000
00300nam a22001097a 4500
020
_a
9781292024264
100
_a
TURBAN EFRAIM,SHARDA RAMESH, DELEN DURSUN
245
_a
DECISION SUPPORT AND BUSINESS INTELLIGENCE SYSTEMS
260
_a
USA
_b
PEARSON EDUCATION LTD
_c
2014
300
_a
672
942
_c
BK
999
_c
251132
_d
251132